Things that are "Green" - Statistics

General Stats
  • This quiz has been taken 67 times
  • The average score is 8 of 15
Answer Stats
Hint Answer % Correct
This gives you the go-ahead Green light
94%
An island which is currently an autonomous territory of Denmark Greenland
93%
The moon is made of this (it isn't really) Green cheese
87%
Someone who sells fruit and vegetables Greengrocer
72%
A town where you can find the 0 degree meridien Greenwich
70%
It's more what's in this that's green, not the glass building itself Greenhouse
65%
Jealous (often completed by 'monster') Green eyed
59%
A Tudor song (sometimes said to have been written by Henry VIII) Greensleeves
46%
A bug that sucks sap from plants and annoys gardeners Greenfly
39%
A raw recruit Greenhorn
35%
Small seed-eating bird with a stout beak and a loud whistle Greenfinch
30%
A pagan figure with branches and leaves growing out of him Green man
30%
Type of fire engine that was held in reserve for UK emergencies Green goddess
26%
To pretend your product is better for the environment than it is Greenwash
11%
A type of sedimentary rock Greensand
6%
No matching quizzes found
Score Distribution
Percent of People with Each Score
Percentile by Number Answered
Your Score History
You have not taken this quiz